Countries of the world in the southern hemisphere. - Statistics

General Stats
  • This quiz has been taken 14 times
  • The average score is 29 of 45
Answer Stats
Hint Answer % Correct
Africa Angola
92%
Oceania Australia
92%
Oceania New Zealand
92%
Africa Zambia
92%
Africa Zimbabwe
92%
America Bolivia
83%
America Brazil
83%
Africa Eswatini
83%
Africa Lesotho
83%
Africa Namibia
83%
Oceania Nauru
83%
America Paraguay
83%
America Peru
83%
Africa South Africa
83%
America Uruguay
83%
Oceania Vanuatu
83%
Africa Botswana
75%
Africa Burundi
75%
Oceania Fiji
75%
Africa Madagascar
75%
Africa Rwanda
75%
Oceania Solomon
75%
Oceania Tuvalu
75%
America Ecuador
67%
Asia Indonesia
67%
Oceania Kiribati
67%
Africa Mozambique
67%
Oceania Samoa
67%
Africa Tanzania
67%
Oceania Tonga
67%
Africa Kenya
58%
Africa Malawi
58%
Oceania Papua New Guinea
58%
America Colombia
50%
Africa Comoros
50%
Africa Gabon
50%
Africa Seychelles
50%
Africa Uganda
50%
Africa Somalia
42%
America Argentine
33%
America Chili
17%
Africa Democratic republic of Congo
8%
Africa Maurice
8%
Africa Republic of Congo
8%
Asia Timor oriental
0%
No matching quizzes found
Score Distribution
Percent of People with Each Score
Percentile by Number Answered
Your Score History
You have not taken this quiz